000
00312nam a2200121Ia 4500
008
210430s9999 xx 000 0 und d
082
_a
891.7 c5141 c
100
_a
Anton Chekhov
245
4
_a
The Cherry Orchard
_c
Anton Chekhov
260
_a
India
_b
Cosmo Publication
_c
2007
300
_a
173p
942
_c
BK
_2
ddc
999
_c
562697
_d
562697